| 000 | 01188nam a22004450a 4500 | ||
|---|---|---|---|
| 001 | PT28267 | ||
| 003 | AR-LpoUNG | ||
| 005 | 20210131233414.0 | ||
| 008 | 191001s2007||||ag |||||||||||||||||spa d | ||
| 020 |
_a987117215X _c$7.55 |
||
| 040 |
_aAR-LpoUNG _bspa _cAR-LpoUNG _eaacr |
||
| 041 | _aspa | ||
| 044 | _aag | ||
| 082 | 0 | _a982.062 729mañ | |
| 100 | 1 | _aPlotkin, Mariano Ben | |
| 245 | 1 | 0 |
_aMañana es San Perón : _bpropaganda, rituales políticos y educación en el régimen peronista : 1946 - 1955 |
| 250 | _a1ra ed. | ||
| 260 |
_aBuenos Aires : _bEDUNTREF, _c2007. |
||
| 300 |
_a351 p. : _btbls., gráfs. |
||
| 650 | 4 | _aANALISIS HISTORICO | |
| 650 | 4 | _aARGENTINA | |
| 650 | 4 | _aASPECTOS FINANCIEROS | |
| 650 | 4 | _aASPECTOS SOCIALES | |
| 650 | 4 | _aCOMPORTAMIENTO POLITICO | |
| 650 | 4 | _aCOMUNICACION | |
| 650 | 4 | _aEDUCACION | |
| 650 | 4 | _aHISTORIA POLITICA | |
| 650 | 4 | _aHISTORIA SOCIAL | |
| 650 | 4 | _aJUSTICIA SOCIAL | |
| 650 | 4 | _aJUVENTUD | |
| 650 | 4 | _aMUJERES | |
| 650 | 4 | _aPODER POLITICO | |
| 650 | 4 | _aPROPAGANDA | |
| 650 | 4 | _aSOCIEDAD | |
| 651 | 4 | _aArgentina | |
| 653 | _aINSERCION | ||
| 653 | _aPERONISMO | ||
| 905 | _a28267 | ||
| 942 | _cLIB | ||
| 999 |
_c20483 _d20483 |
||